| Tag |
First Indicator |
Second Indicator |
Subfields |
| LEADER |
00000cam a2200000 4500 |
| 001 |
in00000036921 |
| 005 |
20151007070322.0 |
| 008 |
760528s1964 ja 10110 eng |
| 010 |
|
|
|a 66006454
|
| 035 |
|
|
|a (OCoLC)02200537
|
| 035 |
|
|
|9 AAE3782AM
|
| 040 |
|
|
|a DLC
|c NBS
|d TXA
|d UtOrBLW
|
| 049 |
|
|
|a TXAM
|c [512255]
|
| 050 |
0 |
0 |
|a TR220
|b .C685 1964
|
| 092 |
|
|
|a 535.8063
|b C748p, 1964
|
| 111 |
2 |
|
|a Conference on Photographic and Spectroscopic Optics.
|
| 245 |
1 |
0 |
|a Proceedings of the Conference on Photographic and Spectroscopic Optics, Tokyo and Kyoto, 1964.
|
| 264 |
|
1 |
|a [Tokyo] :
|b Japanese Journal of Applied Physics,
|c 1964.
|
| 300 |
|
|
|a 669 pages
|
| 336 |
|
|
|a text
|b txt
|2 rdacontent
|
| 337 |
|
|
|a unmediated
|b n
|2 rdamedia
|
| 338 |
|
|
|a volume
|b nc
|2 rdacarrier
|
| 490 |
0 |
|
|a Japanese journal of applied physics, v. 4, supplement 1, 1965
|
| 650 |
|
0 |
|a Optics
|v Congresses.
|
| 650 |
|
0 |
|a Photographic optics
|x Congresses.
|
| 999 |
|
|
|a MARS
|
| 999 |
f |
f |
|s 598a6797-7e88-3d5e-85a6-8fe775301e96
|i 499f6431-1f29-31d0-a67f-dbc85889ea8a
|t 0
|
| 952 |
f |
f |
|p ric
|a Texas A&M University
|b Rellis Campus
|c Joint Library Facility
|d Remote Storage
|t 0
|e TR220 .C685 1964
|h Library of Congress classification
|i unmediated -- volume
|k v.4:suppl.1
|m A14800917864
|
| 998 |
f |
f |
|a TR220 .C685 1964
|t 0
|l Remote Storage
|